000 00285nam a2200121Ia 4500
008 190216s9999||||xx |||||||||||||| ||und||
100 _aKnut Schmidt Nielsen
245 0 _aAnimal Physiology
260 _bPrentice Hall India
_c1958
300 _a118p
650 _aZoology
942 _cBK
999 _c37314
_d37314